000 00219nam a2200097Ia 4500
008 240331s9999 xx 000 0 und d
082 _bMAU
100 _aMaunaguru, S
245 0 _aEellathu Tamil naadaka aranku
942 _cL
999 _c3696
_d3696